WWF Royal Rumble 2002 Entrants - Statistics

General Stats
  • This quiz has been taken 19 times
  • The average score is 23 of 30
Answer Stats
Draw Entrant % Correct
26 Kurt Angle
100%
19 "Stone Cold" Steve Austin
100%
27 Big Show
93%
30 Booker T
93%
28 Kane
93%
22 Triple H
93%
13 Christian
86%
2 Goldust
86%
10 Jeff Hardy
86%
11 Maven
86%
1 Rikishi
86%
29 Rob Van Dam
86%
21 Test
86%
8 The Undertaker
86%
17 Albert
79%
5 Lance Storm
79%
9 Matt Hardy
79%
25 Mr. Perfect
79%
12 Scotty 2 Hotty
79%
4 Bradshaw
71%
16 The Godfather
71%
3 Big Boss Man
64%
7 Billy
64%
14 Diamond Dallas Page
64%
24 Faarooq
64%
18 Perry Saturn
64%
20 Val Venis
64%
15 Chuck
57%
23 The Hurricane
57%
6 Al Snow
50%
No matching quizzes found
Score Distribution
Percent of People with Each Score
Percentile by Number Answered
Your Score History
You have not taken this quiz